000 01026cac a2200325 i 4500
003 EG-GICUC
005 20260121101517.0
008 120823s2013 flu frb 001 0 eng d
020 _a9780849319730
040 _aDLC
_cDLC
_dDLC
_dEG-GICUC
_beng
_erda
043 _an-us---
050 0 0 _aHV6773.2
_b.S74 2013
082 0 0 _a343
_221
092 0 4 _221
099 _aLaw 10 2013
100 1 _aStephenson, Peter.
245 1 0 _aInvestigating computer-related crime /
_cPeter Stephenson and Keith Gilbert.
250 _a2nd edition.
264 _aBoca Raton :
_bTaylor & Francis,
_c2013.
300 _axxiii, 380 page ;
_c25 cm.
336 _atext
_btxt
_2rdacontent
337 _aunmediated
_bn
_2rdamedia
338 _avolume
_bnc
_2rdacarrier
504 _aIncludes bibliographical references and index.
650 0 _aComputer crimes
_zUnited States
_xInvestigation.
700 1 _aGilbert, Keith,
_d1988-
856 4 0 _uhttps://fll.law.cu.edu.eg/fulltext/bks/ENGB10-00055.pdf
905 _a10
942 _2ddc
_cBK
_e21
_n0
999 _c51206
_d51206